00314nam a2200133Ia 4500008004100000100001900041245003100060260001200091260000900103300000800112546001200120690003100132999001700163170620s9999 xx 000 0 und d aGUPTA- RAJHANS 0aPROFESSIONAL COMMUNICATION bPRAGATI c2005 a272 aEnglish aPROFESSIONAL COMMUNICATION c30910d30910